Central Library OPAC University of Rajshahi

The up-to-date criminal reference, 1967-1973 / (Record no. 27629)

MARC details
000 -LEADER
fixed length control field 00702cam a22002411 4500
001 - CONTROL NUMBER
control field 27629
003 - CONTROL NUMBER IDENTIFIER
rucl marc code BD-RjUL
005 - DATE AND TIME OF LATEST TRANSACTION
control field 20211209051159.0
008 - FIXED-LENGTH DATA ELEMENTS--GENERAL INFORMATION
fixed length control field 140325s1966 BG 000 0 eng
035 ## - SYSTEM CONTROL NUMBER
System control number (BD-RjUL)27708
System control number (OCoLC)2925039
040 ## - CATALOGING SOURCE
Original cataloging agency DLC
Transcribing agency FU-L
Modifying agency DLC
Language of cataloging eng
041 ## - LANGUAGE CODE
Language code of text/sound track or separate title eng
082 ## - DEWEY DECIMAL CLASSIFICATION NUMBER
Classification number 345.09549.04
Author mark and year CHU 1973
100 1# - MAIN ENTRY--PERSONAL NAME
Personal name Chowdhury, Obaidul Huq.
9 (RLIN) 27592
245 14 - TITLE STATEMENT
Title The up-to-date criminal reference, 1967-1973 /
Statement of responsibility, etc. Obaidul Huq Chowdhury
250 ## - EDITION STATEMENT
Edition statement 1st ed.
260 ## - PUBLICATION, DISTRIBUTION, ETC. (IMPRINT)
Place of publication, distribution, etc. Dacca :
Name of publisher, distributor, etc. Dacca Law Reports Office,
Date of publication, distribution, etc. 1973
300 ## - PHYSICAL DESCRIPTION
Pagination 124 p. ;
Size 26 cm.
650 #0 - SUBJECT ADDED ENTRY--TOPICAL TERM
Topical term or geographic name as entry element Criminal law
Geographic subdivision Pakistan
Form subdivision Digests.
9 (RLIN) 30421
942 ## - ADDED ENTRY ELEMENTS (KOHA)
Source of classification or shelving scheme Dewey Decimal Classification
Koha item type Books
Holdings
Lost status Source of classification or shelving scheme Damaged status Not for loan Collection code Permanent Location Current Location Shelving location Date acquired Source of acquisition Cost, normal purchase price Total Checkouts Full call number Date last seen Copy number Koha item type
  Dewey Decimal Classification     Non-fiction Central Library, University of Rajshahi Central Library, University of Rajshahi   29/01/1974 waris book com., 15.00   345.09549.04 CHU 1973 25/03/2014 C-8 Books
  Dewey Decimal Classification     Non-fiction Central Library, University of Rajshahi Central Library, University of Rajshahi   29/01/1974 Warish Book center 15.00   345.09549.04 CHU 1973 06/08/2016 C-2 Books
  Dewey Decimal Classification     Non-fiction Central Library, University of Rajshahi Central Library, University of Rajshahi   29/01/1974 Warish Book center 15.00   345.0954904 CHU 1973 06/08/2016 C-3 Books
  Dewey Decimal Classification     Non-fiction Central Library, University of Rajshahi Central Library, University of Rajshahi   29/01/1974 Warish Book center 15.00   345.0954904 CHU 1973 06/08/2016 C-4 Books
  Dewey Decimal Classification     Non-fiction Central Library, University of Rajshahi Central Library, University of Rajshahi   29/01/1974 Warish Book center 15.00   345.0954904 CHU 1973 06/08/2016 C-5 Books